| 000 | 00476nam a2200157Ia 4500 | ||
|---|---|---|---|
| 999 |
_c35335 _d35335 |
||
| 003 | OSt | ||
| 005 | 20201207112232.0 | ||
| 008 | 190216s9999||||xx |||||||||||||| ||und|| | ||
| 040 | _coclc | ||
| 082 |
_a025.84 _bMEH/A |
||
| 100 |
_aMehtha, S P _97244 |
||
| 245 | 0 |
_aArt And Science Of Book Preservation / _cS P Mehtha |
|
| 260 |
_bNational Book Defence Academy, _c1988. _aKhadakwasla: |
||
| 300 | _a179p | ||
| 942 |
_cREF _2ddc _h025.84 _iMEH/A _k025.84 _mMEH/A |
||